000 02120nam a22002057a 4500
999 _c1079
_d1079
001 T027600013206
008 181014b xve||||| m 0 e0p | esp
040 _aFEVP
_cFEVP
041 _aspa
099 _3Tesis
_bM385
_c2001
100 _aMartínez, Simón; Mendoza, Francia; Suárez, Jessica
245 _aLa Asociación Venezolana de Educación Católica (AVEC) frente a la Junta Revolucionaria de Gobierno (JRG) y el Gobierno de Rómulo Gallegos
260 _cNoviembre, 2001
300 _a179 +
_eanexos.
500 _aFotocopiado
502 _aTESIS -- Licenciado, Licenciado en Educación
520 _aEl presente estudio fue de tipo documental-descriptivo. Tuvo como objetivo general analizar el papel de la Asociación Venezolana de Educación (AVEC) frente a la política educativa de la Junta Revolucionaria de Gobierno(JRG) y del gobierno de Rómulo Gallegos (1945-1948). Para lograrlo se elaboraron objetivos específicos que permitieron guiar y orientar el estudio. Dentro de la investigación se emplearon distintas técnicas para el análisis de las fuentes documentales: observación documental, presentación resumida, resumen analítico, análisis crítico así como también la crítica interna y externa de los documentos. Los resultados permiten concluir que la Asociación Venezolana de Educación Católica (AVEC) representó el papel de defensor de la Iglesia Católica convirtiéndose en el primer opositor de las políticas educativas, primero de la Junta Revolucionara de Gobierno y posteriormente del Gobierno de Rómulo Gallegos. Se inició de esta manera un enfrentamiento entre dos grupos claramente definidos: la Iglesia y el Estado Nacional. El clima de oposición y rechazo se hacía evidente, en especial ante la discusión sobre la nueva Ley de Educación; sin embargo el Gobierno no dudó en dar el ejecútese a la Ley Orgánica de Educación. Las consecuencias no se hicieron esperar hasta el punto que el 24 de noviembre de 1948, muchos de los otrora aliados apoyaron el golpe de Estado esta vez contra Rómulo Gallegos.
700 _aLuque, Guillermo
_eTutor
942 _cTES